| 000 | 01834nam a2200277 i 4500 | ||
|---|---|---|---|
| 999 |
_c27173 _d27173 |
||
| 006 | m|||||o||d|||||||| | ||
| 007 | cr|||||||||||| | ||
| 008 | 140530s2015||||enk o ||1 0|eng|d | ||
| 020 |
_a9781316106716 (ebook) _qOnline Resource |
||
| 040 |
_aUkCbUP _beng _erda |
||
| 082 | 0 | 0 |
_a623.825 _223 |
| 100 | 1 | _aMantle, Peter J., | |
| 245 | 1 | 0 |
_aHigh-speed marine craft : _bone hundred knots at sea / _cPeter J. Mantle. |
| 260 |
_aLondon _bCambridge University Press _c2015 |
||
| 300 |
_a1 online resource (xxii, 604 pages) : _bdigital, PDF file(s). |
||
| 500 | _aTitle from publisher's bibliographic system (viewed on 05 Oct 2015). | ||
| 520 | _aThis book details the efforts to build a large naval vessel capable of traveling at one hundred knots. It is the first book to summarize this extensive work from historical and technical perspectives. It explores the unique principles and challenges in the design of high-speed marine craft. This volume explores different hull form concepts, requiring an understanding of the four forces affecting the lift and the drag of the craft. The four forces covered are hydrostatic (buoyancy), hydro-dynamic, aerostatic, and aerodynamic. This text will appeal to naval researchers, architects, graduate students and historians, as well as others generally interested in naval architecture and propulsion. | ||
| 650 | 0 |
_aWarships _xDesign and construction _xHistory _y21st century. |
|
| 650 | 0 |
_aWarships _xDesign and construction _xHistory _y20thcentury. |
|
| 650 | 0 |
_aWarships _xTechnological innovations _zUnited States. |
|
| 650 | 0 |
_aGround-effect machines _zUnited States _xDesign and construction. |
|
| 650 | 0 |
_aHydrofoil boats _zUnited States _xDesign and construction. |
|
| 776 | 0 | 8 |
_iPrint version: _z9781107090415 |
| 856 | 4 | 0 | _uhttps://doi.org/10.1017/CBO9781316106716 |
| 942 |
_2ddc _cEBK |
||